00866nam a2200229 a 4500001001000000003000500010005001700015008004100032010001100073011001100084040000900095100003700104245012400141260004100265500006000306502009200366650002500458650002100483650003500504650002700539856007000566000111691CHAP20220329144225.0150720s2015 mx sm |||||||spa d a108152 a109124 cCHAP00aIreta Paredes, Arely del Rocío10aPerspectivas de la producción de arroz (Oryza sativa L) en Méxicoh[En línea]cpor Arely del Rocio Ireta Paredes. aChapingo, Méx. :bEl autor,c2015. aPara ver el contenido del material haga clic en la liga aTesis (Ph.D. en Problemas Económico Agroindustriales) -- UACH. Departamento CIESTAAM.14aArrozxMejoramiento.14aArrozxMercadeo.14aArrozxProducciónzMéxico.14aArrozxRedes de valor. aFinding aiduhttp://10.13.5.2/tesis/sist111691.pdfzTeclea aquí